100 Biggest Cities of Iraq on a Map - Statistics

General Stats
  • This quiz has been taken 193 times
  • The average score is 12 of 100
Answers on the Map
Answers color-coded by a green-red scale on the quiz's map according to % correct below.
 
Answer Stats
Population City % Correct
6,719,476 Baghdād
98%
1,361,819 Al-Mawṣil
88%
1,340,827 Al-Baṣrah
86%
879,071 Arbīl
83%
972,272 Kirkūk
69%
747,261 An-Najaf
57%
711,530 Karbalā'
48%
676,492 As-Sulaymāniyah
43%
389,376 Al-Kūt
39%
108,964 Tikrīt
39%
250,884 Al-Fallūjah
37%
527,472 Al-'Amārah
34%
558,446 An-Nāṣiriyah
34%
144,771 Sāmarrā'
32%
223,525 Ar-Ramādī
31%
455,741 Al-Ḥillah
28%
340,871 Dahūk
26%
403,796 Ad-Dīwāniyah
21%
279,133 Ba'qūbah
20%
40,629 Sinjār
18%
211,964 Zākhū
18%
221,743 As-Samāwah
15%
131,813 Sūrān
12%
46,498 Ḥadīṭha
11%
66,657 Hīt
11%
74,056 Al-Qā'im
10%
300,751 Az-Zubayr
10%
145,164 Kalār
10%
51,538 Khānaqīn
10%
172,453 Tal'afar
10%
49,783 Umm Qaṣr
9%
101,421 Al-Maḥmūdiyah
7%
51,097 An-Naṣr
7%
82,918 Baījī
7%
91,995 Rānyah
7%
84,065 Al-Hindiyah
6%
182,175 Ash-Shaṭrah
6%
59,943 Balad
6%
45,483 Darbandikhān
6%
53,714 Ḥājī 'Āwā
6%
68,093 'Ākra
5%
171,305 Al-Kūfah
5%
126,434 Al-Qurnah
5%
58,007 Ash-Shāmiyah
5%
77,168 Aṣ-Ṣuwaīrah
5%
67,190 Ḥalabjah
5%
65,274 Jamjamāl
5%
61,638 Saīd Ṣādiq
5%
45,716 Al-Ḥawījah
4%
85,496 Al-Ḥay
4%
62,500 Al-Khāliṣ
4%
59,458 Al-Madḥatiyah
4%
81,498 Al-Qāsim
4%
37,796 Bāzyān
4%
62,046 Kuysanjaq
4%
70,982 An-Nu'māniyah
3%
74,609 Ar-Rifā'ī
3%
86,063 Ar-Rumaītah
3%
71,444 Bakrah Jū
3%
65,917 Khasnahzān
3%
73,951 Qaladiza
3%
53,367 Qal'at Sikar
3%
131,576 Sūq ash-Shuyūkh
3%
102,565 Ṭūz Khūrmātū
3%
55,886 Al-'Azīziyah
2%
48,556 Al-Gharrāf
2%
37,272 Al-Jibāyish
2%
93,937 Al-Majar al-Kabīr
2%
46,105 Baghdīdā
2%
53,697 Dārahtūū
2%
47,121 Dīrahlūk
2%
44,341 Ḥalabjah Tāzah
2%
62,117 Jalawlā'
2%
132,995 Shaṭṭ al-'Arab
2%
86,743 Al-Ḥamzah
1%
37,273 Al-Hāshmiyah
1%
100,619 Al-Iskandrīah
1%
79,699 Al-Muqdādiyah
1%
57,335 Al-Musayab
1%
54,629 Ash-Shirqāṭ
1%
45,305 Jwār Qūrnah
1%
38,109 Qal'at Ṣāliḥ
1%
38,270 Ṣalāḥ ad-Dīn
1%
71,557 Sumaīl
1%
203,155 Abū al-Kahṣīb
0%
37,872 Ad-Dawāyah
0%
42,824 Al-Khiḍir
0%
38,679 Al-Mashrū'
0%
63,584 Al Nasr Wal Salam
0%
56,755 Al-Qaḥṭānyah
0%
41,918 Al-Qaīrawān
0%
110,836 Al-Waḥdah
0%
128,007 Ash-Shamāl
0%
63,871 Baladrūz
0%
58,214 Dhashtā Hawlī'r
0%
69,001 Fāīdah
0%
56,407 Qasrūk
0%
51,615 Shūrash
0%
41,779 Tāj Aldīn
0%
45,631 Ṭalḥah
0%
No matching quizzes found
Score Distribution
Percent of People with Each Score
Percentile by Number Answered
Your Score History
You have not taken this quiz